00819nam a22001937a 4500003000900000008004100009040007100050082002200121100003500143245004500178260007200223300002700295505017900322650001500501650002000516650001800536650001600554710005500570AR-CdUCM190415b ||||| |||| 00| 0 spa d aMUNICIPALIDAD PROVINCIAL DEL CUSCOcBIBLIOTECA MUNICIPAL DEL CUSCO aTS / 340.4 /bA56 aAncón Ramirez, Noé Rosendo aLegalidad del concubinato en el Perú / aCusco :bUniversidad Nacional de San Antonio Abad del Cusco,c1971. aIV, 91 hojas ;c29 cm. aContenido: La familia y regulación del concubinato en Roma -- España y régimen concubinato del Perú -- Legislación Comparada y la unión de hecho en el Perú ...  aLa Familia aPerú-España aLegislación aConcubinato aUniversidad Nacional de San Antonio Abad del Cusco